000 02295nam a2200385 i 4500
001 000038711
003 DO-SdBNP
005 20250716130842.0
007 ta
008 090701s1997 dr d r 000 0 spa d
020 _a8489953007
040 _aDO-SdBNP
_bspa
_cBNPHU
_erda
041 _aspa
082 4 _a330.97293
_bC744n, 1996
_222
111 _aConcurso Biblioteca Juan Pablo Duarte
_96999
245 1 0 _aNueva literatura económica dominicana :
_bpremios del Concurso Biblioteca "Juan Pablo Duarte 1996" /
_cedición, José Alcántara Almánzar ; prólogo, José Luis Alemán ; presentación, Héctor Valdez Albizu.
264 _aSanto Domingo :
_bBanco Central de la República Dominicana. Departamento Cultural,
_c1997.
300 _a270 páginas :
_bgráfcos ;
_c23 cm.
336 _atexto
_btxt
_2rdacontent
337 _asin mediación
_bn
_2rdamedia
338 _avolumen
_bnc
_2rdacarrier
490 1 _aBanco Central de la República Dominicana.
500 _aIncluye referencias bibliográficas y notas al pie de las páginas.
504 _aBibliografía : páginas 269-270
505 0 _aPresentación --
_tprólogo --
_tTipo de cambio de equilibrio, colapsos cambiarios y crecimiento económico en la República Dominicana /
_rArturo Méndez Gómez --
_tEstructura de mercado e impactos de la apertura comercial en el sector industrial : implicaciones para la política arancelaria y de reestructuración industrial /
_rRolando Reyes --
_tImpacto del tipo de cambio real en la economía dominicana. Antecedentes y perspectivas /
_rRodrigo Jaque García --
_tCredibilidad e inercia inflacionaria : Efectividad de las políticas monetarias y cambiarias en la República Dominicana /
_rPeter A. Prazmowski.
590 _aInventariado, 2018/ YL
651 4 _aRepública Dominicana
_xPolítica económica
_vCongresos, conferencias, etc.
_97001
651 4 _aRepública Dominicana
_xCondiciones económicas
_vCongresos, conferencias, etc
_965019
700 1 _aAlcántara Almánzar, José
_d1946-
_eeditor
_4ed.
_97018
700 1 _aAlemán, José Luis,
_eprologuista
_4pr.
_97046
700 1 2 _aValdez Albizu, Héctor,
_d1947-
_912322
710 2 _aBanco Central de la República Dominicana
_bDepartamento Cultural.
_983405
910 _aValidado. Control de calidad. MFF
942 _2ddc
_cLBS1
999 _c38201
_d38201